Gujarāta pañcāyata rājyano vividha paricaya. (Record no. 64001)
[ view plain ]
| 000 -LEADER | |
|---|---|
| fixed length control field | 00633cam a22002291 4500 |
| 001 - CONTROL NUMBER | |
| control field | sa 65004900 |
| 003 - CONTROL NUMBER IDENTIFIER | |
| control field | DLC |
| 005 - DATE AND TIME OF LATEST TRANSACTION | |
| control field | 20260227112134.0 |
| 008 - FIXED-LENGTH DATA ELEMENTS--GENERAL INFORMATION | |
| fixed length control field | 900125s1964 ii bch 000 0 gujo |
| 010 ## - LIBRARY OF CONGRESS CONTROL NUMBER | |
| LC control number | sa 65004900 |
| 035 ## - SYSTEM CONTROL NUMBER | |
| System control number | (OCoLC)20956691 |
| 040 ## - CATALOGING SOURCE | |
| Original cataloging agency | DLC |
| Transcribing agency | WaU |
| Modifying agency | DLC |
| 042 ## - AUTHENTICATION CODE | |
| Authentication code | premarc |
| 043 ## - GEOGRAPHIC AREA CODE | |
| Geographic area code | a-ii--- |
| 050 00 - LIBRARY OF CONGRESS CALL NUMBER | |
| Classification number | JS7025.G8 |
| Item number | N3 |
| 100 1# - MAIN ENTRY--PERSONAL NAME | |
| Personal name | Naik, Bhadrashankar Jivanraṃ, |
| Dates associated with a name | 1899- |
| 245 10 - TITLE STATEMENT | |
| Title | Gujarāta pañcāyata rājyano vividha paricaya. |
| 260 ## - PUBLICATION, DISTRIBUTION, ETC. | |
| Date of publication, distribution, etc. | [1964] |
| 300 ## - PHYSICAL DESCRIPTION | |
| Extent | 3, 92, 16 p. |
| Other physical details | facsim., fold. map, port. |
| Dimensions | 25 cm. |
| 500 ## - GENERAL NOTE | |
| General note | In Gujarati. |
| 650 #0 - SUBJECT ADDED ENTRY--TOPICAL TERM | |
| Topical term or geographic name entry element | Local government |
| Geographic subdivision | India |
| -- | Gujarat. |
No items available.